000 01057nam a22003137a 4500
003 CHAP
005 20220817041855.0
008 971013s1984 r 00010 d
010 _a27308
011 _a28280
035 _a32383
040 _cCHAP
090 _aFolleto 9691
110 _aInstituto Nacional de Capacitación del Sector Agropecuario, A. C. México
_959291
245 _aCría y explotación del pollo de engorda
260 _aMéxico, D.F. :
_bEl Instituto,
_c1984
300 _a39 p.
_b: ilus
490 _aTextos de capacitación: área campesina
_v; 1
590 _aBATCH-UPD
_b10
_c20130110
_lUCH01
_h2030
590 _aBATCH-UPD
_b10
_c20130410
_lUCH01
_h1347
590 _aBATCH-UPD
_b10
_c20130914
_lUCH01
_h0454
590 _aCONVERSION
_b10
_c20130109
_lUCH01
_h1316
650 1 4 _aAvicultura.
830 0 _aTextos de capacitación: área campesina
_v; 1
_9112568
901 _aBK
942 _cFOLL
949 _aFolleto 9691
_bBC
_cFOLL
_d-75185
_eTS1
_i32383
_mD
_si
949 _aFolleto 9691
_bBC
_cFOLL
_d-75186
_eTS2
_fc.2
_i32383
_mD
_si
999 _c27308
_d27308